Normal view
MARC view
- Moncur, Michael
Entry Personal Name
001 - CONTROL NUMBER
- control field: 3114
003 - CONTROL NUMBER IDENTIFIER
- control field: OSt
005 - DATE AND TIME OF LATEST TRANSACTION
- control field: 20180526150703.0
008 - FIXED-LENGTH DATA ELEMENTS
- fixed length control field: 180526|| aca||aabn | a|a d
040 ## - CATALOGING SOURCE
- Original cataloging agency: OSt
- Transcribing agency: OSt
100 ## - HEADING--PERSONAL NAME
- Personal name: Moncur, Michael
670 ## - SOURCE DATA FOUND
- Source citation: Work cat.: (OSt): Moncur, Michael, Javascript in 24 hours, 2007
